[Event "BPB Limburg open B"]
[Site "Maastricht"]
[Date "2014.06.07"]
[Round "3"]
[White "Cornelius, Jorg"]
[Black "Beukema, Jasper"]
[Result "1-0"]
[WhiteElo "2039"]
[BlackElo "1862"]
[PlyCount "93"]
[EventDate "2014.06.06"]
[EventType "swiss"]
[EventRounds "7"]
[EventCountry "NED"]
[Source "P.Boonen"]
[SourceDate "2014.10.10"]

1. e4 c5 2. Nc3 Nc6 3. f4 e6 4. Nf3 Nge7 5. g3 g6 6. Bg2 Bg7 7. O-O O-O 8. d3
Nd4 9. Rb1 Nec6 10. Be3 Nxf3+ 11. Bxf3 Nd4 12. Bg2 d6 13. Ne2 Rb8 14. c3 Nc6
15. Qd2 f5 16. Kh1 Ne7 17. Ng1 b6 18. Nf3 Bb7 19. Qc2 Qd7 20. Rfe1 c4 21. exf5
cxd3 22. Qxd3 Nxf5 23. Bf2 Rbe8 24. Rbd1 d5 25. Ne5 Qc7 26. Rd2 Bxe5 27. Rxe5
Nd6 28. Rde2 Ne4 29. Bd4 Qc8 30. Qe3 Rf7 31. Bh3 Rfe7 32. Rc2 Nd6 33. Qe1 Ne4
34. b3 Qa8 35. Kg1 Kf7 36. Qe2 Nd6 37. Qg4 Nf5 38. Rce2 Ba6 39. Re1 Qc6 40. Qd1
Nd6 41. Qd2 Ne4 42. Qe3 Nf6 43. f5 Bc8 44. fxg6+ hxg6 45. Rf1 Kg7 46. Rxf6 Kxf6
47. Rf5# 1-0

[Event "BPB Limburg open B"]
[Site "Maastricht"]
[Date "2014.06.07"]
[Round "3"]
[White "Cromsight, Jeroen"]
[Black "Westerweele, Henrik"]
[Result "1-0"]
[WhiteElo "1939"]
[BlackElo "1960"]
[PlyCount "55"]
[EventDate "2014.06.06"]
[EventType "swiss"]
[EventRounds "7"]
[EventCountry "NED"]
[Source "P.Boonen"]
[SourceDate "2014.10.10"]

1. e4 e6 2. Nf3 d5 3. Nc3 Nf6 4. e5 Nfd7 5. d4 Bb4 6. Bd2 b6 7. a3 Bxc3 8. Bxc3
Ba6 9. Bxa6 Nxa6 10. Qe2 Qc8 11. Ng5 Nf8 12. f4 c5 13. O-O g6 14. Rf3 Nc7 15.
Raf1 Qa6 16. Qf2 Nb5 17. g4 Nxd4 18. Bxd4 cxd4 19. f5 gxf5 20. Nxf7 Rg8 21.
Rxf5 Rxg4+ 22. Kh1 exf5 23. Qxf5 Qxf1+ 24. Qxf1 Rg7 25. Qf6 Rxf7 26. Qc6+ Ke7
27. Qxa8 Ke6 28. Qe8+ 1-0

[Event "BPB Limburg open B"]
[Site "Maastricht"]
[Date "2014.06.07"]
[Round "3"]
[White "De Feijter, Bas"]
[Black "Dirksen, Marieke"]
[Result "0-1"]
[WhiteElo "1894"]
[BlackElo "2005"]
[PlyCount "68"]
[EventDate "2014.06.06"]
[EventType "swiss"]
[EventRounds "7"]
[EventCountry "NED"]
[Source "P.Boonen"]
[SourceDate "2014.10.10"]

1. d4 Nf6 2. c4 e6 3. g3 d5 4. Nf3 c6 5. Bg2 dxc4 6. Ne5 Bb4+ 7. Nc3 Nd5 8. Bd2
b5 9. a4 Bb7 10. axb5 Bxc3 11. bxc3 cxb5 12. e4 Nf6 13. Qb1 Qb6 14. Ra2 Nbd7
15. Be3 a6 16. Rb2 Qc7 17. Nxd7 Nxd7 18. O-O O-O 19. f4 f5 20. Re2 g6 21. Bc1
Nf6 22. e5 Bxg2 23. Rxg2 Nd5 24. Ba3 Rf7 25. Rf3 Qc6 26. Qd1 a5 27. Rb2 Rb7 28.
Bc5 b4 29. Qb1 Nb6 30. Rbf2 Na4 31. cxb4 axb4 32. Bd6 b3 33. Rf1 Qe4 34. Qc1
Qxd4+ 0-1

[Event "BPB Limburg open B"]
[Site "Maastricht"]
[Date "2014.06.07"]
[Round "3"]
[White "De Mey, Juan Pablo"]
[Black "Negues, Feyyaz"]
[Result "1-0"]
[WhiteElo "1946"]
[BlackElo "1983"]
[PlyCount "69"]
[EventDate "2014.06.06"]
[EventType "swiss"]
[EventRounds "7"]
[EventCountry "NED"]
[Source "P.Boonen"]
[SourceDate "2014.10.10"]

1. d4 Nf6 2. c4 e6 3. Nc3 Bb4 4. e3 O-O 5. Nge2 b6 6. a3 Bxc3+ 7. Nxc3 Bb7 8.
Bd3 c5 9. d5 d6 10. O-O e5 11. e4 Nbd7 12. b3 a6 13. Bg5 h6 14. Be3 Bc8 15. Ra2
Re8 16. g3 Nf8 17. f4 Bh3 18. f5 Bxf1 19. Bxf1 N8h7 20. g4 Kf8 21. h4 Ke7 22.
Qf3 Kd7 23. g5 hxg5 24. hxg5 Ng8 25. Qh5 Nf8 26. Qxf7+ Qe7 27. Qxg8 Rab8 28.
Rf2 Kc7 29. f6 gxf6 30. gxf6 Qd7 31. Qg7 Ng6 32. f7 Rh8 33. Qxg6 Qe7 34. Bg5
Qd7 35. Qe6 1-0

[Event "BPB Limburg open B"]
[Site "Maastricht"]
[Date "2014.06.07"]
[Round "3"]
[White "Drose, Daniela"]
[Black "Cebula, Jerzy"]
[Result "0-1"]
[WhiteElo "1952"]
[BlackElo "1998"]
[PlyCount "112"]
[EventDate "2014.06.06"]
[EventType "swiss"]
[EventRounds "7"]
[EventCountry "NED"]
[Source "P.Boonen"]
[SourceDate "2014.10.10"]

1. c4 c5 2. g3 Nc6 3. Bg2 g6 4. Nc3 Bg7 5. Nf3 Nf6 6. O-O O-O 7. d4 cxd4 8.
Nxd4 Qb6 9. e3 d6 10. b3 Qa5 11. Bb2 Bg4 12. Qc2 Rac8 13. Rfe1 Qh5 14. Nce2 a6
15. Qd2 Bd7 16. Nf4 Qh6 17. Nf3 Rfd8 18. Bxf6 Bxf6 19. Rad1 Bg4 20. h3 Bxf3 21.
Bxf3 e6 22. Bg2 Qg7 23. Ne2 Qf8 24. Nd4 Qe7 25. Nxc6 bxc6 26. Qa5 Qc7 27. Qxa6
d5 28. cxd5 cxd5 29. Qe2 Qa5 30. Rd3 Qa3 31. Red1 Bc3 32. e4 d4 33. e5 Rd7 34.
Qc2 Rdc7 35. Qe2 Ra7 36. f4 Qxa2 37. Qxa2 Rxa2 38. Rc1 Rb8 39. Rcxc3 dxc3 40.
Rxc3 Rb2 41. Bf3 R2xb3 42. Rxb3 Rxb3 43. Kg2 Rb2+ 44. Kf1 h6 45. Be2 Kg7 46.
Kf2 g5 47. Kf3 Rb3+ 48. Kg2 gxf4 49. gxf4 Kg6 50. Bf3 Kf5 51. Kg3 Rc3 52. h4
Ra3 53. h5 Rc3 54. Kh4 Kxf4 55. Bg4 Rc1 56. Bh3 Rg1 0-1

[Event "BPB Limburg open B"]
[Site "Maastricht"]
[Date "2014.06.07"]
[Round "3"]
[White "Esser, Thomas"]
[Black "Plug, Arjan"]
[Result "1-0"]
[WhiteElo "1983"]
[BlackElo "1893"]
[PlyCount "61"]
[EventDate "2014.06.06"]
[EventType "swiss"]
[EventRounds "7"]
[EventCountry "NED"]
[Source "P.Boonen"]
[SourceDate "2014.10.10"]

1. d4 Nf6 2. c4 Nc6 3. Nf3 e6 4. g3 Bb4+ 5. Bd2 Qe7 6. Nc3 Bxc3 7. Bxc3 Ne4 8.
Rc1 d6 9. d5 Nxc3 10. Rxc3 Nd8 11. Bg2 e5 12. O-O b6 13. Nd2 f5 14. b4 O-O 15.
c5 Nf7 16. Qc2 e4 17. cxb6 cxb6 18. Rc7 Bd7 19. Bh3 Ng5 20. Bg2 Nf7 21. Rc1
Rfc8 22. Bh3 Rxc7 23. Qxc7 Rc8 24. Qxc8+ Bxc8 25. Rxc8+ Nd8 26. Bxf5 g6 27.
Be6+ Kg7 28. Nxe4 Nxe6 29. dxe6 Qxe6 30. Rc7+ Kh6 31. Rxh7+ 1-0

[Event "BPB Limburg open B"]
[Site "Maastricht"]
[Date "2014.06.07"]
[Round "3"]
[White "Eveleens, Ed"]
[Black "Bekedam, Tyro"]
[Result "0-1"]
[WhiteElo "1779"]
[BlackElo "1809"]
[PlyCount "84"]
[EventDate "2014.06.06"]
[EventType "swiss"]
[EventRounds "7"]
[EventCountry "NED"]
[Source "P.Boonen"]
[SourceDate "2014.10.10"]

1. e4 c6 2. d4 d5 3. e5 Bf5 4. Bd3 Bxd3 5. Qxd3 e6 6. Nf3 Qa5+ 7. Bd2 Qa6 8.
Qxa6 Nxa6 9. a3 c5 10. c3 Ne7 11. b4 b6 12. O-O Nf5 13. g4 Nh6 14. h3 Be7 15.
b5 Nc7 16. a4 Kd7 17. Na3 Rhb8 18. Nc2 a6 19. bxa6 Rxa6 20. c4 Rba8 21. a5 bxa5
22. Rfb1 Ng8 23. dxc5 Bxc5 24. Be3 Bxe3 25. Nxe3 Ne7 26. Nd4 Nc6 27. Nxc6 Kxc6
28. cxd5+ Nxd5 29. Rc1+ Kd7 30. Rd1 a4 31. Nxd5 exd5 32. Rxd5+ Ke6 33. Rb5 Ra5
34. Rxa5 Rxa5 35. f4 Kd5 36. Kf2 Ke4 37. Kg3 a3 38. Re1+ Kd4 39. Ra1 a2 40. Kg2
Kc3 41. f5 Kb2 42. e6 fxe6 0-1

[Event "BPB Limburg open B"]
[Site "Maastricht"]
[Date "2014.06.07"]
[Round "3"]
[White "Fadavian, Marius"]
[Black "Blijlevens, Pim"]
[Result "1-0"]
[WhiteElo "2040"]
[BlackElo "1934"]
[PlyCount "51"]
[EventDate "2014.06.06"]
[EventType "swiss"]
[EventRounds "7"]
[EventCountry "NED"]
[Source "P.Boonen"]
[SourceDate "2014.10.10"]

1. d4 f5 2. c3 Nf6 3. Qc2 d6 4. Bg5 e6 5. Nd2 Be7 6. Ngf3 h6 7. Bxf6 Bxf6 8. e4
Nc6 9. Bd3 f4 10. Bb5 O-O 11. Bxc6 bxc6 12. e5 Be7 13. O-O-O d5 14. c4 c5 15.
dxc5 c6 16. Nb3 a5 17. Kb1 Qc7 18. cxd5 cxd5 19. Rc1 Rb8 20. Rhd1 Rb4 21. Rd4
Rb5 22. Qd2 Ba6 23. Rxf4 Rxf4 24. Qxf4 Bxc5 25. Nfd4 Qe7 26. Nxb5 1-0

[Event "BPB Limburg open B"]
[Site "Maastricht"]
[Date "2014.06.07"]
[Round "3"]
[White "Feltman, Bart"]
[Black "Loose, Rob"]
[Result "1/2-1/2"]
[WhiteElo "1728"]
[BlackElo "1909"]
[PlyCount "43"]
[EventDate "2014.06.06"]
[EventType "swiss"]
[EventRounds "7"]
[EventCountry "NED"]
[Source "P.Boonen"]
[SourceDate "2014.10.10"]

1. b4 e5 2. Bb2 Bxb4 3. Bxe5 Nf6 4. Nf3 d5 5. e3 O-O 6. Be2 Re8 7. Bb2 Bd6 8.
d3 Nbd7 9. Nbd2 c6 10. O-O Nf8 11. c4 Ng6 12. Qc2 Bd7 13. Rab1 b6 14. Qb3 Rc8
15. Bxf6 Qxf6 16. cxd5 cxd5 17. Qxd5 Bc6 18. Qg5 Nf4 19. exf4 Qxg5 20. fxg5
Rxe2 21. Rbc1 Rce8 22. Rfe1 1/2-1/2

[Event "BPB Limburg open B"]
[Site "Maastricht"]
[Date "2014.06.07"]
[Round "3"]
[White "Freer, Glenn"]
[Black "Klein, Gernot"]
[Result "1/2-1/2"]
[WhiteElo "1824"]
[BlackElo "1925"]
[PlyCount "71"]
[EventDate "2014.06.06"]
[EventType "swiss"]
[EventRounds "7"]
[EventCountry "NED"]
[Source "P.Boonen"]
[SourceDate "2014.10.10"]

1. e4 c5 2. Nc3 e6 3. Bc4 a6 4. a4 Nc6 5. f4 d6 6. Nf3 Nf6 7. O-O Be7 8. d3 O-O
9. Qe1 Nd4 10. Nxd4 cxd4 11. Nd1 d5 12. Bb3 dxe4 13. dxe4 Nd7 14. Qe2 Qb6 15.
Kh1 Nc5 16. Bc4 Qc6 17. Nf2 Bh4 18. Bd3 b6 19. a5 b5 20. Bd2 Rd8 21. Bb4 Bb7
22. Bxc5 Qxc5 23. Ng4 Be7 24. h3 Rac8 25. f5 f6 26. Qe1 e5 27. Nh2 Qc7 28. Nf3
Bc5 29. g4 Be7 30. Rg1 h6 31. h4 Kf7 32. Rg2 Rh8 33. Kg1 Qd6 34. Qg3 Ke8 35.
Qe1 Kf7 36. Qg3 1/2-1/2

[Event "BPB Limburg open B"]
[Site "Maastricht"]
[Date "2014.06.07"]
[Round "3"]
[White "Frijling, Jeroen"]
[Black "Moog, Gerhard"]
[Result "1-0"]
[WhiteElo "1835"]
[BlackElo "1898"]
[PlyCount "33"]
[EventDate "2014.06.06"]
[EventType "swiss"]
[EventRounds "7"]
[EventCountry "NED"]
[Source "P.Boonen"]
[SourceDate "2014.10.10"]

1. d4 d5 2. c4 e6 3. Nf3 Nf6 4. g3 c6 5. Bg2 Nbd7 6. O-O Bd6 7. Qc2 O-O 8. Nbd2
h6 9. e4 dxe4 10. Nxe4 Nxe4 11. Qxe4 Nf6 12. Qc2 c5 13. Rd1 cxd4 14. Nxd4 Qe7
15. b3 e5 16. Nb5 Bb8 17. Ba3 1-0

[Event "BPB Limburg open B"]
[Site "Maastricht"]
[Date "2014.06.07"]
[Round "3"]
[White "Geboers, Jimmy"]
[Black "Coenen, Bert"]
[Result "1/2-1/2"]
[WhiteElo "1907"]
[BlackElo "1852"]
[PlyCount "111"]
[EventDate "2014.06.06"]
[EventType "swiss"]
[EventRounds "7"]
[EventCountry "NED"]
[Source "P.Boonen"]
[SourceDate "2014.10.10"]

1. d4 d6 2. c4 e5 3. d5 f5 4. Nc3 Nf6 5. Qc2 Be7 6. e4 fxe4 7. Nxe4 Nxe4 8.
Qxe4 O-O 9. Bd3 g6 10. Bh6 Bf5 11. Qe2 Bxd3 12. Qxd3 Re8 13. Be3 Bg5 14. Ne2
Bxe3 15. Qxe3 Nd7 16. h4 Nf6 17. Ng3 Re7 18. h5 Nxh5 19. Nxh5 gxh5 20. Rxh5 Rg7
21. O-O-O Qf6 22. g3 b6 23. Rdh1 Rf8 24. R1h2 Qf3 25. Kd2 Qxe3+ 26. Kxe3 Rgf7
27. Rh6 Rf3+ 28. Ke2 R8f7 29. Kf1 a5 30. Ke2 R3f6 31. Rxf6 Rxf6 32. Ke3 Kg7 33.
Rh4 Rg6 34. Kf3 Rf6+ 35. Kg2 Rg6 36. f3 Rf6 37. Re4 h6 38. g4 Rg6 39. Kg3 Kf7
40. f4 exf4+ 41. Rxf4+ Ke7 42. Kh4 Rg5 43. Re4+ Kf7 44. Re6 Rg6 45. Rxg6 Kxg6
46. b3 Kh7 47. Kh5 Kg7 48. g5 hxg5 49. Kxg5 Kf7 50. Kf5 Ke7 51. Kg6 Ke8 52. Kf6
Kd7 53. Kf7 Kd8 54. Ke6 Ke8 55. a3 Kd8 56. Kf7 1/2-1/2

[Event "BPB Limburg open B"]
[Site "Maastricht"]
[Date "2014.06.07"]
[Round "3"]
[White "Gendarme, Pierre"]
[Black "Rosenbrand, Stefan"]
[Result "1-0"]
[WhiteElo "1844"]
[BlackElo "1706"]
[PlyCount "35"]
[EventDate "2014.06.06"]
[EventType "swiss"]
[EventRounds "7"]
[EventCountry "NED"]
[Source "P.Boonen"]
[SourceDate "2014.10.10"]

1. d4 d5 2. Bf4 Nf6 3. e3 c5 4. c3 cxd4 5. exd4 Nc6 6. Bd3 e6 7. Nf3 Bd6 8. Bg5
Bd7 9. Nbd2 h6 10. Bh4 O-O 11. O-O Rb8 12. Re1 b5 13. Ne5 Be7 14. Bg3 Rb7 15.
Qe2 Qb6 16. Bc2 b4 17. Qd3 Qb5 18. Nxd7 1-0

[Event "BPB Limburg open B"]
[Site "Maastricht"]
[Date "2014.06.07"]
[Round "3"]
[White "Goes, Dirk"]
[Black "Singh, Marcel"]
[Result "1-0"]
[WhiteElo "1946"]
[BlackElo "1903"]
[PlyCount "55"]
[EventDate "2014.06.06"]
[EventType "swiss"]
[EventRounds "7"]
[EventCountry "NED"]
[Source "P.Boonen"]
[SourceDate "2014.10.10"]

1. d4 e5 2. dxe5 Nc6 3. Nf3 Qe7 4. Nc3 Nxe5 5. Nd5 Nxf3+ 6. gxf3 Qd8 7. Bf4 d6
8. c3 c6 9. Nb4 d5 10. Nc2 Nf6 11. Qd3 Qb6 12. Rb1 g6 13. Bg2 Bg7 14. O-O O-O
15. e4 Be6 16. a3 Rad8 17. Qe3 Qa5 18. Rfd1 Rfe8 19. Nd4 Bc8 20. Nb3 Qb5 21.
Nd4 Qa4 22. Ne2 dxe4 23. Rxd8 Rxd8 24. fxe4 Qc2 25. Re1 b6 26. Qc1 Qd3 27. Nd4
Bb7 28. Bf1 1-0

[Event "BPB Limburg open B"]
[Site "Maastricht"]
[Date "2014.06.07"]
[Round "3"]
[White "Gorts, Sven"]
[Black "Dalemans, Diana"]
[Result "0-1"]
[WhiteElo "1916"]
[BlackElo "1965"]
[PlyCount "50"]
[EventDate "2014.06.06"]
[EventType "swiss"]
[EventRounds "7"]
[EventCountry "NED"]
[Source "P.Boonen"]
[SourceDate "2014.10.10"]

1. e4 g6 2. f4 Bg7 3. Nf3 c5 4. Nc3 Nc6 5. Be2 d6 6. O-O Nf6 7. d3 O-O 8. h3
Rb8 9. Be3 b5 10. Qd2 b4 11. Nd1 Ne8 12. g4 e6 13. Kg2 f5 14. e5 Nc7 15. c3 Nd5
16. d4 Nxe3+ 17. Qxe3 bxc3 18. bxc3 cxd4 19. cxd4 Nb4 20. Qd2 fxg4 21. hxg4 Nd5
22. Ne1 dxe5 23. fxe5 Bb7 24. Rxf8+ Bxf8 25. Kg3 Bb4 0-1

[Event "BPB Limburg open B"]
[Site "Maastricht"]
[Date "2014.06.07"]
[Round "3"]
[White "Gunther, Marcella"]
[Black "Holscher, Peter"]
[Result "0-1"]
[WhiteElo "1922"]
[BlackElo "2049"]
[PlyCount "132"]
[EventDate "2014.06.06"]
[EventType "swiss"]
[EventRounds "7"]
[EventCountry "NED"]
[Source "P.Boonen"]
[SourceDate "2014.10.10"]

1. e4 d6 2. d4 Nf6 3. Nc3 c6 4. Nf3 Bg4 5. Be2 Nbd7 6. O-O e5 7. Re1 Qc7 8. Be3
Be7 9. Qd2 O-O 10. Rad1 b5 11. a3 a6 12. h3 Bh5 13. Nh2 Bxe2 14. Qxe2 Rfe8 15.
Ng4 Nf8 16. Qf3 Ng6 17. Ne2 Rad8 18. Ng3 Nh4 19. Nxf6+ Bxf6 20. Qg4 Ng6 21. Nh5
Be7 22. Rd3 Qd7 23. Qxd7 Rxd7 24. Ng3 Bf8 25. Red1 Rc7 26. f3 exd4 27. Bxd4 Nf4
28. R3d2 g6 29. Be3 Ne6 30. Ne2 h6 31. Nf4 Ng7 32. Nd3 g5 33. Nb4 d5 34. Nxa6
Rcc8 35. Nc5 Bxc5 36. Bxc5 dxe4 37. fxe4 Rxe4 38. Rd8+ Rxd8 39. Rxd8+ Kh7 40.
Rd2 Ne6 41. Bd6 Kg6 42. Kf2 h5 43. Bb8 c5 44. Bd6 c4 45. Rd5 Rd4 46. Rxd4 Nxd4
47. c3 Nf5 48. Be5 f6 49. Bc7 Ne7 50. Bd6 Nd5 51. Bc5 Kf5 52. Kf3 h4 53. Be3
Nc7 54. Bb6 Nd5 55. Be3 Ne7 56. Bb6 Nc6 57. Ke3 Ke5 58. Bc7+ Kd5 59. Bb6 f5 60.
Bc7 Ke6 61. Kd2 g4 62. hxg4 fxg4 63. Kc2 Ne5 64. Bb6 h3 65. gxh3 gxh3 66. Bg1
Nf3 0-1

[Event "BPB Limburg open B"]
[Site "Maastricht"]
[Date "2014.06.07"]
[Round "3"]
[White "Holwijn, Melvin"]
[Black "Zatyko, Ferry"]
[Result "1-0"]
[WhiteElo "1983"]
[BlackElo "1776"]
[PlyCount "77"]
[EventDate "2014.06.06"]
[EventType "swiss"]
[EventRounds "7"]
[EventCountry "NED"]
[Source "P.Boonen"]
[SourceDate "2014.10.10"]

1. d4 d5 2. Nf3 Nf6 3. c4 c6 4. Nc3 e6 5. cxd5 cxd5 6. Bg5 Be7 7. e3 O-O 8. Bd3
Nbd7 9. O-O a6 10. Rc1 b5 11. Ne5 Bb7 12. Bf4 Rc8 13. Bb1 Re8 14. Nxd7 Nxd7 15.
Qf3 Nf8 16. Ne2 Qd7 17. Qg4 Rxc1 18. Nxc1 Rc8 19. Nd3 f6 20. h3 b4 21. Bg3 a5
22. Nf4 Rc6 23. h4 f5 24. Qf3 Qc8 25. Nd3 Ba6 26. h5 Bxd3 27. Bxd3 Bd6 28. Bxd6
Rxd6 29. g4 fxg4 30. Qxg4 Rc6 31. Kg2 Qc7 32. Rh1 e5 33. e4 exd4 34. exd5 Rf6
35. Qxd4 Rf4 36. Qe3 Qf7 37. f3 Qf6 38. Qf2 Nd7 39. Rc1 {.....} 1-0

[Event "BPB Limburg open B"]
[Site "Maastricht"]
[Date "2014.06.07"]
[Round "3"]
[White "Ibrahim, Ashraf"]
[Black "Rache, Ralf"]
[Result "1/2-1/2"]
[WhiteElo "1794"]
[BlackElo "1832"]
[PlyCount "130"]
[EventDate "2014.06.06"]
[EventType "swiss"]
[EventRounds "7"]
[EventCountry "NED"]
[Source "P.Boonen"]
[SourceDate "2014.10.10"]

1. d4 Nf6 2. c4 g6 3. Nc3 d5 4. cxd5 Nxd5 5. e4 Nxc3 6. bxc3 Bg7 7. Be3 c5 8.
Bb5+ Bd7 9. Bxd7+ Qxd7 10. Ne2 O-O 11. d5 Na6 12. Rb1 b6 13. O-O Nc7 14. a4 Ne8
15. a5 Nd6 16. axb6 axb6 17. Rxb6 Nc4 18. Rc6 Nxe3 19. fxe3 Be5 20. Nf4 Bxc3
21. Rxc5 Rfc8 22. Rxc8+ Qxc8 23. d6 exd6 24. Nd5 Qc5 25. Qb3 Bg7 26. Ne7+ Kh8
27. Rxf7 Qe5 28. Qd5 Ra1+ 29. Kf2 Qb2+ 30. Kg3 Qe5+ 31. Kh3 Qxd5 32. Nxd5 Ra4
33. Kg3 Rxe4 34. Kf3 Ra4 35. Nf4 Kg8 36. Rd7 Be5 37. h3 Ra8 38. Ke4 Re8 39. Kd5
Bxf4 40. exf4 Re2 41. g4 Rh2 42. Ke6 Rf2 43. f5 gxf5 44. gxf5 Re2+ 45. Kf6 Re8
46. Rxd6 Rf8+ 47. Kg5 Kh8 48. Rd7 Kg8 49. f6 Kh8 50. Kf5 Kg8 51. h4 Ra8 52.
Rg7+ Kh8 53. Re7 Kg8 54. h5 Ra5+ 55. Re5 Ra8 56. Kg5 Rb8 57. Re7 Ra8 58. Rg7+
Kh8 59. Kh6 Ra6 60. Rxh7+ Kg8 61. Rg7+ Kh8 62. Rf7 Kg8 63. Kg6 Ra1 64. Rb7 Rg1+
65. Kh6 Rf1 1/2-1/2

[Event "BPB Limburg open B"]
[Site "Maastricht"]
[Date "2014.06.07"]
[Round "3"]
[White "Jansen, Ingeborg"]
[Black "Sterckx, Pieter"]
[Result "1/2-1/2"]
[WhiteElo "1842"]
[BlackElo "1853"]
[PlyCount "55"]
[EventDate "2014.06.06"]
[EventType "swiss"]
[EventRounds "7"]
[EventCountry "NED"]
[Source "P.Boonen"]
[SourceDate "2014.10.10"]

1. e4 e5 2. Nf3 Nc6 3. Bc4 Nf6 4. d3 Bc5 5. c3 d6 6. a4 a6 7. b4 Ba7 8. Qb3 O-O
9. h3 h6 10. g4 Nh7 11. g5 Nxg5 12. Bxg5 hxg5 13. Rg1 Qf6 14. Nbd2 Bxh3 15.
Rxg5 Qf4 16. Ke2 Bg4 17. Rxg4 Qxg4 18. Rg1 Qf4 19. Rg5 Ne7 20. Qd1 c6 21. Qg1
g6 22. Rg4 Qf6 23. d4 exd4 24. e5 dxe5 25. Ne4 Qg7 26. Nh4 Kh7 27. Ng5+ Kg8 28.
Ne4 1/2-1/2

[Event "BPB Limburg open B"]
[Site "Maastricht"]
[Date "2014.06.07"]
[Round "3"]
[White "Kuryliw, Ray"]
[Black "Seip, Rien"]
[Result "1/2-1/2"]
[WhiteElo "1884"]
[BlackElo "2005"]
[PlyCount "58"]
[EventDate "2014.06.06"]
[EventType "swiss"]
[EventRounds "7"]
[EventCountry "NED"]
[Source "P.Boonen"]
[SourceDate "2014.10.10"]

1. e4 e6 2. b3 d5 3. Bb2 dxe4 4. Nc3 Nf6 5. Qe2 Nbd7 6. Nxe4 Nxe4 7. Qxe4 Nf6
8. Qd3 Qxd3 9. Bxd3 Bc5 10. f3 Bd7 11. Ne2 O-O 12. c4 Rfd8 13. Bc2 Be8 14. d4
Bb4+ 15. Kf2 Be7 16. Rhd1 Nd7 17. Ng3 g6 18. d5 exd5 19. Rxd5 Nb6 20. Rxd8 Rxd8
21. Rd1 Rxd1 22. Bxd1 Bc5+ 23. Kf1 f5 24. Ne2 Kf7 25. Bd4 Bxd4 26. Nxd4 Ke7 27.
f4 Kd6 28. Bf3 c5 29. Nc2 Bc6 1/2-1/2

[Event "BPB Limburg open B"]
[Site "Maastricht"]
[Date "2014.06.07"]
[Round "3"]
[White "Laan, Yorick"]
[Black "Been, Klaas"]
[Result "1/2-1/2"]
[WhiteElo "1776"]
[BlackElo "1799"]
[PlyCount "99"]
[EventDate "2014.06.06"]
[EventType "swiss"]
[EventRounds "7"]
[EventCountry "NED"]
[Source "P.Boonen"]
[SourceDate "2014.10.10"]

1. d4 d5 2. c4 e6 3. Nc3 Nf6 4. Bg5 Be7 5. Nf3 Nbd7 6. e3 c6 7. c5 O-O 8. b4
Re8 9. Ne5 Nxe5 10. dxe5 Nd7 11. Bxe7 Qxe7 12. Qd4 f6 13. exf6 Nxf6 14. Qe5 Ng4
15. Qg3 e5 16. Be2 Nf6 17. O-O e4 18. Rfd1 Qe5 19. Qxe5 Rxe5 20. b5 Bd7 21. a4
Rae8 22. Rab1 Rg5 23. a5 Rc8 24. Rdc1 Re5 25. a6 bxa6 26. bxa6 Ra8 27. Rb7 Ree8
28. Rcb1 Rec8 29. Na4 Be6 30. Re7 Re8 31. Rc7 Rec8 32. Rbb7 Rxc7 33. Rxc7 Ne8
34. Re7 Bf5 35. Nb6 Kf8 36. Rb7 axb6 37. cxb6 Bc8 38. Rd7 Bxa6 39. b7 Bxb7 40.
Rxb7 Ra1+ 41. Bf1 Nf6 42. g3 Rc1 43. Kg2 Rc2 44. h3 h5 45. Rc7 Rc5 46. Ba6 Ne8
47. Rd7 Nf6 48. Rc7 Ne8 49. Rd7 Nf6 50. Rc7 1/2-1/2

[Event "BPB Limburg open B"]
[Site "Maastricht"]
[Date "2014.06.07"]
[Round "3"]
[White "Leontiev, Oleg"]
[Black "Koelmans, Jan Willem"]
[Result "1-0"]
[WhiteElo "1896"]
[BlackElo "1948"]
[PlyCount "79"]
[EventDate "2014.06.06"]
[EventType "swiss"]
[EventRounds "7"]
[EventCountry "NED"]
[Source "P.Boonen"]
[SourceDate "2014.10.10"]

1. d4 d5 2. Nf3 Nf6 3. e3 c5 4. Bd3 c4 5. Be2 Nc6 6. O-O e6 7. b3 b5 8. a4 bxa4
9. bxc4 Bd7 10. Nc3 Be7 11. cxd5 exd5 12. Nxa4 O-O 13. Ba3 Ne4 14. Bxe7 Qxe7
15. c4 dxc4 16. Bxc4 Rac8 17. Rc1 Rfd8 18. Bd5 Nb4 19. Bxe4 Rxc1 20. Qxc1 Bxa4
21. Qa3 Bb5 22. Rb1 Qxe4 23. Qxb4 a6 24. Rc1 Re8 25. Qc5 f6 26. Nd2 Qg6 27.
Qd5+ Kh8 28. h3 Qd3 29. Nb3 h6 30. Qf7 Rg8 31. Nc5 Qd2 32. Ra1 Qc3 33. Qa2 Rc8
34. Qa3 Qc4 35. Qa2 Qc3 36. Rb1 f5 37. Qe6 Rf8 38. Nd7 Rd8 39. Ne5 Qc2 40. Rxb5
1-0

[Event "BPB Limburg open B"]
[Site "Maastricht"]
[Date "2014.06.07"]
[Round "3"]
[White "Limbach, Torsten"]
[Black "Lex, Gereon"]
[Result "1-0"]
[WhiteElo "1985"]
[BlackElo "1764"]
[PlyCount "57"]
[EventDate "2014.06.06"]
[EventType "swiss"]
[EventRounds "7"]
[EventCountry "NED"]
[Source "P.Boonen"]
[SourceDate "2014.10.10"]

1. c4 e5 2. g3 Nc6 3. Bg2 Bc5 4. Nc3 d6 5. e3 Nf6 6. a3 O-O 7. Nge2 Re8 8. d3
Bf5 9. b4 Bb6 10. O-O a6 11. Bb2 Qd7 12. Nd5 Nxd5 13. cxd5 Ne7 14. d4 Ng6 15.
e4 Bh3 16. f3 a5 17. Bxh3 Qxh3 18. b5 f5 19. Qd3 fxe4 20. fxe4 Rf8 21. Rad1 Nh4
22. Rxf8+ Rxf8 23. Nf4 Rxf4 24. Qe2 Rxe4 25. Qxe4 Nf5 26. Rd3 Nh6 27. Qg2 Qf5
28. Rf3 Qe4 29. Rf8+ 1-0

[Event "BPB Limburg open B"]
[Site "Maastricht"]
[Date "2014.06.07"]
[Round "3"]
[White "Londers, Jan"]
[Black "Alvarez Carbajales, Fermin"]
[Result "0-1"]
[WhiteElo "1890"]
[BlackElo "1952"]
[PlyCount "32"]
[EventDate "2014.06.06"]
[EventType "swiss"]
[EventRounds "7"]
[EventCountry "NED"]
[Source "P.Boonen"]
[SourceDate "2014.10.10"]

1. e4 g6 2. d4 Bg7 3. Nc3 d6 4. f4 a6 5. Nf3 e6 6. Bd3 Ne7 7. O-O b6 8. Qe1 O-O
9. Be3 c5 10. dxc5 bxc5 11. Qh4 Nbc6 12. e5 Nd5 13. Qxd8 Rxd8 14. Nxd5 exd5 15.
c3 dxe5 16. Bxc5 e4 0-1

[Event "BPB Limburg open B"]
[Site "Maastricht"]
[Date "2014.06.07"]
[Round "3"]
[White "Marechal, Georges"]
[Black "Orbons, Richard"]
[Result "1-0"]
[WhiteElo "1755"]
[BlackElo "1758"]
[PlyCount "49"]
[EventDate "2014.06.06"]
[EventType "swiss"]
[EventRounds "7"]
[EventCountry "NED"]
[Source "P.Boonen"]
[SourceDate "2014.10.10"]

1. e4 g6 2. Nf3 Bg7 3. Bc4 c6 4. d4 d5 5. exd5 cxd5 6. Bb3 Nc6 7. c3 Nf6 8. O-O
O-O 9. Bf4 Bg4 10. h3 Bxf3 11. Qxf3 e6 12. Bg5 h6 13. Bxf6 Bxf6 14. Na3 a6 15.
Nc2 b5 16. a3 Bg7 17. Qe2 Qb6 18. Ba2 a5 19. Rad1 b4 20. axb4 axb4 21. Bb1 bxc3
22. bxc3 Qb2 23. Qd3 Rfd8 24. h4 Ra3 25. Nxa3 1-0

[Event "BPB Limburg open B"]
[Site "Maastricht"]
[Date "2014.06.07"]
[Round "3"]
[White "Mercan Cano, Oscar"]
[Black "Glasbeek, Steven"]
[Result "0-1"]
[WhiteElo "1758"]
[BlackElo "1847"]
[PlyCount "62"]
[EventDate "2014.06.06"]
[EventType "swiss"]
[EventRounds "7"]
[EventCountry "NED"]
[Source "P.Boonen"]
[SourceDate "2014.10.10"]

1. d4 Nf6 2. c4 e6 3. Nc3 Bb4 4. Bg5 d5 5. e3 O-O 6. a3 Bxc3+ 7. bxc3 b6 8.
cxd5 exd5 9. Bd3 h6 10. h4 Qd6 11. Bf4 Qe7 12. Be5 Nc6 13. Bxf6 Qxf6 14. c4
dxc4 15. Bxc4 Na5 16. Be2 Be6 17. Rc1 c6 18. Bf3 Rac8 19. Nh3 Qxh4 20. g3 Qf6
21. Nf4 Bb3 22. Qe2 Rfe8 23. Rc3 c5 24. Bg4 Rcd8 25. Qb5 a6 26. Qxa6 Qxd4 27.
Qd3 Qe5 28. Bd7 Rxd7 29. Rh5 Rxd3 30. Rxe5 Rd1+ 31. Ke2 Rxe5 0-1